Dreimächtepaktstaaten und Verbündete - Statistiken

Allgemein
  • Dieses Quiz wurde 57 mal gespielt
  • Das Durchschnittsergebnis liegt bei 2 aus 12
Antwortstatistiken
Staat Kriegseintritt Grund bzw. Art des Kriegsbeginns und Bemerkungen % Korrekt
Deutsches Reich 1. September 1939 Angriff auf Polen, erklärte den Vereinigten Staaten am 11. Dezember 1941 den Krieg.
100%
Kaiserreich Japan 7. Juli 1937 bzw. 7. Dezember 1941 Angriff auf die Vereinigten Staaten.
16%
Königreich Italien 10. Juni 1940 Bei Kriegsbeginn 1939 zunächst Verkündung des „Nichtkriegführens“ statt klassischer Neutralität, am 10. Juni 1940 Kriegserklärung an Frankreich und Großbritannien. Die seit Juli 1943 amtierende Regierung von Pietro Badoglio erklärte Deutschland am 13. Oktober 1943 den Krieg (die Italienische Soziale Republik, ein Satellitenstaat Hitlers, blieb an deutscher Seite).
10%
Königreich Rumänien 22. Juni 1941 Teilnahme am Krieg gegen die Sowjetunion. Erklärte Deutschland am 25. August 1944 den Krieg.
10%
Königreich Bulgarien 19. April 1941 Kriegseintritt gegen Jugoslawien und Griechenland erst nach massivem deutschem Druck. Erklärte am 27. August 1944 seine Neutralität und schließlich Deutschland am 8. September 1944 den Krieg.
8%
Königreich Ungarn 11. April 1941 Gegen Jugoslawien, seit Juni 1941 auch Beteiligung am Einsatz gegen die Sowjetunion. Am 28. Dezember 1944 Kriegserklärung der provisorischen Regierung an Deutschland.
8%
Republik Finnland 30. November 1939 Wurde von der Sowjetunion angegriffen, Friedensschluss 1940. Ab 25. Juni 1941 „Fortsetzungskrieg“ nur gegen die Sowjetunion. Erklärte nach der Kapitulation vor den Sowjets 1944 zunächst seine Neutralität, dann aber dem Deutschen Reich am 3. März 1945 den Krieg (rückwirkend vom 19. September 1944, seitdem finnische und sowjetische Truppen die Wehrmacht aus Finnland drängten).
6%
Italienische Sozialrepublik 23. September 1943 Nach Seitenwechsel Italiens norditalienischer Satellitenstaat des Dritten Reiches, nur von den Achsenmächten anerkannt, hatte eigene Streitkräfte, De-facto-Anerkennung durch Kriegserklärung der Alliierten, bestand bis Ende April 1945.
4%
Königreich Thailand 21. Dezember 1941 Unterzeichnete ein Militärbündnis mit Japan. Aktive Kriegsteilnahme in Burma.
4%
Slowakische Republik 1939 Aktive Kriegsteilnahme. Deutscher Satellitenstaat seit 1939, von Staaten wie den Vereinigten Staaten, Frankreich, der Sowjetunion anerkannt, hatte eigene Streitkräfte.
4%
Unabhängiger Staat Kroatien 1941 Aktive Kriegsteilnahme, Satellitenstaat, nur von Achsenmächten anerkannt, hatte allerdings eigene Streitkräfte.
2%
Kaiserreich Mandschukuo 1936 bzw. 7. Dezember 1941 Japanischer Satellitenstaat, war von 24 Staaten anerkannt (darunter sechs Staaten, die nicht der Achse angehörten oder achsenfreundlich waren).
0%
Keine übereinstimmenden Quizze gefunden
Verteilung der Resultate
Anzahl Personen mit jedem Resultat
Perzentil nach korrekt beantworteten Fragen
Ihre Resultats-Entwicklung
Sie haben dieses Quiz noch nicht gespielt